The year book of drug therapy. 1979 (Record no. 5728)

000 -LEADER
fixed length control field 00624nam a2200205 4500
003 - CONTROL NUMBER IDENTIFIER
control field OSt
005 - DATE AND TIME OF LATEST TRANSACTION
control field 20220616074150.0
008 - FIXED-LENGTH DATA ELEMENTS--GENERAL INFORMATION
fixed length control field 220616b ||||| |||| 00| 0 eng d
020 ## - INTERNATIONAL STANDARD BOOK NUMBER
International Standard Book Number 0815146175
040 ## - CATALOGING SOURCE
Transcribing agency ALUPE UNIVERSITY
050 ## - LIBRARY OF CONGRESS CALL NUMBER
Classification number RM262
Item number .Y43 1979
245 ## - TITLE STATEMENT
Title The year book of drug therapy. 1979
Statement of responsibility, etc. Edited by; Leo E Hollister; Daniel L Azarnoff; David G Shand
300 ## - PHYSICAL DESCRIPTION
Extent 468p. :
Other physical details ill;
Dimensions 24 cm.
500 ## - GENERAL NOTE
General note Includes index.
650 ## - SUBJECT ADDED ENTRY--TOPICAL TERM
Topical term or geographic name entry element Chemotherapy. Drug Therapy Chimiothérapie
700 ## - ADDED ENTRY--PERSONAL NAME
Personal name Hollister, Leo E.
700 ## - ADDED ENTRY--PERSONAL NAME
Personal name Azarnoff, Daniel L.
700 ## - ADDED ENTRY--PERSONAL NAME
Personal name Shand, David G.
942 ## - ADDED ENTRY ELEMENTS (KOHA)
Source of classification or shelving scheme
Koha item type Book
Suppress in OPAC AB
Holdings
Withdrawn status Lost status Source of classification or shelving scheme Damaged status Not for loan Permanent Location Current Location Shelving location Date acquired Source of acquisition Total Checkouts Full call number Barcode Date last seen Price effective from Koha item type Public note
          AU LIBRARY AU LIBRARY Open Shelf 16.06.2022 DONATION FROM MOI UNIVERSITY   RM262 .Y43 1979 28003205 16.06.2022 16.06.2022 Book AB

Powered by Koha